000 00674nam a2200193Ia 4500
003 GCL
008 140319s9999 xx 000 0 ara d
040 _aGCL /
_cGCL
082 0 4 _a809.3
_bا ف
100 1 _aاحمد عبدالمعطى حجازى
245 1 0 _aقال الراوى: تآملات فى فن الرواية /
_cاحمد عبدالمعطى حجازى
700 1 _aاحمد عبدالمعطى الجلالى
300 _a159 ص
490 _aمكتبة الاسرة
_v0
650 0 4 _aالادب العربى
650 0 4 _aالقصص العربية - تاريخ ونقد
650 0 4 _aالروايةالعربية - تاريخ ونقد
942 _2ddc
_cBK
999 _c50774
_d50774